新快樂主義
| 資料類型: | 圖書 | 書目號: | 26723 |
Leader xxxxxxxxxx 001 __ PCLIS00026723 005 __ 20210624134435.0 010 0_ |a9576796857|b平裝|dNT210 100 __ |a20010601d2000 m y0chib09 e 101 __ |achi 200 1_ |a新快樂主義|dHappy-go-lucky|f吳淡如作 205 __ |a初版 210 __ |a臺北市|c方智|d2000[民89] 215 0_ |a243面|c部份彩圖|d22公分 225 1_ |a自信人生|v2 700 _0 |a吳|b淡如|4著 801 _0 |atw|b內湖高中|c20010622|gCCR |